Statistics for Countries Led by a Woman

Click here to take the quiz!

General Stats

  • This quiz has been taken 116 times
  • The average score is 12 of 22

Answer Stats

YearCurrent LeaderAnswer% Correct
2005Angela MerkelGermany
97%
2013Erna SolbergNorway
84%
2019Sanna MarinFinland
81%
2019Mette FrederiksenDenmark
80%
2017Jacinda ArdernNew Zealand
77%
2017Katrín JakobsdóttirIceland
72%
2016Aung San Suu KyiMyanmar
70%
2016Tsai Ing-wenTaiwan
70%
2016Kersti KaljulaidEstonia
63%
2019Zuzana ČaputováSlovakia
62%
2017Ana BrnabićSerbia
60%
2015Kolinda Grabar-KitarovićCroatia
57%
2019Sophie WilmèsBelgium
49%
2018Salome ZurabishviliGeorgia
45%
2015Bidhya Devi BhandariNepal
44%
2009Sheikh HasinaBangladesh
38%
2019Jeanine ÁñezBolivia
34%
2017Halimah YacobSingapore
28%
2018Mia MottleyBarbados
21%
2018Paula-Mae WeekesTrinidad & Tobago
13%
2018Sahle-Work ZewdeEthiopia
12%
2015Saara KuugongelwaNamibia
12%

Score Distribution

Percentile by Number Answered

Percent of People with Each Score

Your Score History

You have not taken this quiz